02186cam a22002537a 450000100090000000300040000900500170001300800410003002000180007104000070008905000130009610000300010924501340013925000120027326000560028530000270034150513100036865000430167870000300172170000270175194200120177899900160179095201260180614887903OSt20231031111830.0070612s2007 mou f 000 0 eng d a9780323088985 cLC00aRT51.P36 a Perry, Anne Griffin911010aSkills performance checklists for clinical nursing skills & techniques cAnne Griffin Perry, Patricia A. Potter, Wendy Ostendorf. a8th ed. aMaryland heights, Missouri:bMosby Elsevier,c2014. aviii, 616 p. ;c28 cm. aContents: Using evidence in practice(no checklists in this chapter) -- Admitting, transfer and discharge -- Communication -- Documentation and informatics -- Vital signs -- Health assessment -- Medical asepsis -- Sterile technique -- Safe patient handling, transfer and positioning -- Exercise and ambulation -- Orthopedic measures -- Support surfaces and special beds -- Safety and quality improvement -- Disaster preparedness -- Pain assessment and basic comfort measures -- Palliative care -- Personal hygiene and bed making -- Pressure ulcer care -- Care of the eye and ear -- Safe medicine preparation(no checklists in this chapter) -- Oral and topical medications -- Parenteral medications -- Oxygen therapy -- Performing chest physiotherapy -- Airway management -- Closed chest drainage systems -- Emergency measures for life support -- Intravenous and vascular access therapy -- Blood transfusions -- Oral nutrition -- Enteral nutrition -- Parental nutrition -- Urinary elimination -- Bowel elimination and gastric intubation -- Ostomy care -- Preoperative and postoperative care -- intraoperative care -- Wound care and irrigations -- Dressings, bandages and binders -- Therapeutic use of heat and cold -- Home care safety -- Home care teaching -- Specimen collection -- Diagnostic procedures --  0aNursingvHandbooks, manuals, etc.9194 a Potter, Patricia A.9195 aOstendorf, Wendy 9196 2lcccBK c9151d16651 00102lcc4070aWIUC-KLbWIUC-KLcNURS L.d2019-11-26oRT51.P36(8e)pKSN/811/811/19r2022-08-17 00:00:00w2022-08-17yBK